Shakespeare characters by disguises - Statistics

General Stats
  • This quiz has been taken 18 times
  • The average score is 3 of 11
Answer Stats
disguise character % Correct
Cesario Viola
75%
Ganymede Rosalind
56%
Balthazar Portia
44%
Poor Tom Edgar
38%
the fat woman of Brentford Sir John Falstaff
31%
Aliena Celia
25%
Caius Earl of Kent
25%
Fidele Imogen
19%
Doricles Florizel
13%
Friar Lodowick Vincentio
13%
Sebastian Julia
6%
No matching quizzes found
Score Distribution
Percent of People with Each Score
Percentile by Number Answered
Your Score History
You have not taken this quiz